[Event "UNAM w Prelim C"]
[Site "Mexico City MEX"]
[Date "2012.11.18"]
[Round "3.2"]
[White "Andrenko, Irina"]
[Black "Gara, Ticia"]
[Result "1/2-1/2"]
[WhiteTitle "WIM"]
[BlackTitle "WGM"]
[WhiteElo "2233"]
[BlackElo "2377"]
[WhiteFideId "14118270"]
[BlackFideId "717444"]
[EventDate "2012.11.16"]

1. e4 c5 2. Nc3 Nc6 3. Bb5 g6 4. Bxc6 dxc6 5. d3 Bg7 6. Nge2 e6 7. O-O Ne7 8.
Be3 b6 9. Qd2 O-O 10. Bh6 Ba6 11. Bxg7 Kxg7 12. b3 Qd7 13. a4 c4 14. bxc4 Bxc4
15. Nd1 Ba6 16. Ne3 c5 17. Ng4 Ng8 18. f4 h5 19. Ne5 Qd6 20. Qc3 f6 21. Nf3 Ne7
22. Rae1 Nc6 23. e5 fxe5 24. fxe5 Qe7 25. Qd2 Rad8 26. Qe3 Nb4 27. Rc1 Bb7 28.
Nc3 Bxf3 29. Rxf3 Rxf3 30. Qxf3 Rf8 31. Qe3 Nc6 32. Nb5 Rf5 33. d4 Qg5 34. Qxg5
Rxg5 35. c3 Rg4 36. Nc7 cxd4 37. Nxe6+ Kf7 38. Nxd4 Nxe5 39. Rf1+ Ke7 40. Re1
Kd6 41. Nb5+ Kd5 42. Nc7+ Kd6 43. Nb5+ Ke6 44. Nd4+ Kd5 45. Rd1 Kc4 46. Re1 Nd3
47. Re7 Kxc3 48. Nb5+ Kd2 49. Rxa7 Rb4 50. g3 Rb1+ 51. Kg2 Ne1+ 52. Kf2 Nd3+ 53.
Kg2 1/2-1/2

[Event "UNAM w Prelim C"]
[Site "Mexico City MEX"]
[Date "2012.11.18"]
[Round "3.3"]
[White "Gara, Ticia"]
[Black "Andrenko, Irina"]
[Result "1/2-1/2"]
[WhiteTitle "WGM"]
[BlackTitle "WIM"]
[WhiteElo "2377"]
[BlackElo "2233"]
[WhiteFideId "717444"]
[BlackFideId "14118270"]
[EventDate "2012.11.16"]

1. e4 g6 2. d4 Bg7 3. Nc3 d6 4. f4 a6 5. Nf3 b5 6. Bd3 Nd7 7. e5 c5 8. Be4 Rb8
9. O-O cxd4 10. Nxd4 dxe5 11. Nc6 Qb6+ 12. Kh1 Ngf6 13. Nxb8 Qxb8 14. fxe5 Nxe5
15. Bf4 Nxe4 16. Nxe4 O-O 17. Qe1 Qa8 18. Nd2 Nc6 19. c3 e5 20. Be3 f5 21. Qh4
Bb7 22. Nf3 Nd8 23. Rad1 Nf7 24. Bc5 Re8 25. Rd7 Bxf3 26. Rxf3 Qc6 27. Re7 Rc8
28. Bb4 Bf6 29. Qe1 Bxe7 30. Bxe7 Qe6 31. Ba3 e4 32. Rf2 Rd8 33. Bc5 Ne5 34. Rd2
Rxd2 35. Qxd2 Qd7 36. Bd4 Nc6 37. h3 Nxd4 38. cxd4 Qd5 39. Qc3 Qc4 40. Qg3 Qxd4
41. Qb8+ Kg7 42. Qc7+ Kh6 43. Qf4+ Kg7 44. Qc7+ Kh6 45. Qf4+ Kg7 46. Qc7+ Kh6 1/2-1/2

[Event "UNAM w Prelim C"]
[Site "Mexico City MEX"]
[Date "2012.11.18"]
[Round "3.4"]
[White "Andrenko, Irina"]
[Black "Gara, Ticia"]
[Result "1/2-1/2"]
[WhiteTitle "WIM"]
[BlackTitle "WGM"]
[WhiteElo "2233"]
[BlackElo "2377"]
[WhiteFideId "14118270"]
[BlackFideId "717444"]
[EventDate "2012.11.16"]

1. Nf3 Nf6 2. g3 g6 3. Bg2 Bg7 4. O-O O-O 5. c4 d5 6. cxd5 Nxd5 7. Nc3 Nc6 8. d4
Nb6 9. e3 e5 10. dxe5 Nxe5 11. Nxe5 Bxe5 12. Qc2 c6 13. e4 Be6 14. b3 Qe7 15.
Bb2 c5 16. Nd5 Bxd5 17. exd5 Bxb2 18. Qxb2 Rfe8 19. d6 Qxd6 20. Bxb7 Rad8 21.
Qc2 Qe5 22. Rac1 Re7 23. Bf3 Rc8 24. Qc3 Qxc3 25. Rxc3 Rec7 26. Rfc1 a5 27. h4
Ra8 28. Ra1 1/2-1/2

[Event "UNAM w Prelim C"]
[Site "Mexico City MEX"]
[Date "2012.11.19"]
[Round "4.1"]
[White "Botez, Alexandra"]
[Black "Andrenko, Irina"]
[Result "1-0"]
[WhiteTitle "WCM"]
[BlackTitle "WIM"]
[WhiteElo "2015"]
[BlackElo "2233"]
[WhiteFideId "2603365"]
[BlackFideId "14118270"]
[EventDate "2012.11.16"]

1. d4 Nf6 2. c4 g6 3. f3 Bg7 4. e4 d6 5. Nc3 O-O 6. Be3 Nc6 7. Nge2 a6 8. Qd2
Rb8 9. Rb1 Bd7 10. b4 e5 11. d5 Ne7 12. Ng3 h5 13. h4 Nh7 14. Bd3 Qe8 15. c5 f5
16. Bf2 f4 17. Nge2 g5 18. hxg5 Nxg5 19. b5 axb5 20. Nxb5 Bxb5 21. Bxb5 Qg6 22.
Rh2 Rfd8 23. cxd6 cxd6 24. Rc1 Rdc8 25. Bd7 Rxc1+ 26. Qxc1 Ra8 27. a4 Kh7 28.
Qc7 Rg8 29. Bg4 Qf6 30. Rxh5+ Bh6 31. Bf5+ Kh8 32. Bg4 Nxe4 33. Bh4 Ng5 34. Be6
Rg7 35. Qd8+ Kh7 36. Qxd6 Qf8 1-0

[Event "UNAM w Prelim C"]
[Site "Mexico City MEX"]
[Date "2012.11.19"]
[Round "4.2"]
[White "Andrenko, Irina"]
[Black "Botez, Alexandra"]
[Result "1-0"]
[WhiteTitle "WIM"]
[BlackTitle "WCM"]
[WhiteElo "2233"]
[BlackElo "2015"]
[WhiteFideId "14118270"]
[BlackFideId "2603365"]
[EventDate "2012.11.16"]

1. e4 e6 2. d4 d5 3. Nc3 Nf6 4. e5 Nfd7 5. f4 c5 6. Nf3 Nc6 7. Be3 Rb8 8. Qd2
Qa5 9. Be2 b5 10. dxc5 Bxc5 11. Bxc5 Nxc5 12. Bd3 b4 13. Ne2 Ba6 14. O-O Qb6 15.
Kh1 Bxd3 16. cxd3 O-O 17. Ng3 f6 18. exf6 Rxf6 19. Nh5 Rh6 20. g4 Nd7 21. Ng3
Rf6 22. Nh5 Rg6 23. h3 Rf8 24. Rae1 Rh6 25. Kg2 Qc7 26. Ng5 e5 27. fxe5 Ncxe5
28. Rxf8+ Nxf8 29. d4 Neg6 30. Qf2 Rxh5 31. gxh5 Nf4+ 32. Kh1 Nd3 33. Qf3 Nf4
34. Rf1 N4e6 35. Nxe6 Nxe6 36. Qxd5 Qe7 37. Re1 Kf7 38. Qe4 Qf6 39. d5 Nc7 40.
Qg2 g6 41. Rf1 Nxd5 42. Rxf6+ Nxf6 43. Qb7+ 1-0

[Event "UNAM w Prelim C"]
[Site "Mexico City MEX"]
[Date "2012.11.19"]
[Round "4.3"]
[White "Botez, Alexandra"]
[Black "Andrenko, Irina"]
[Result "0-1"]
[WhiteTitle "WCM"]
[BlackTitle "WIM"]
[WhiteElo "2015"]
[BlackElo "2233"]
[WhiteFideId "2603365"]
[BlackFideId "14118270"]
[EventDate "2012.11.16"]

1. d4 c5 2. d5 d6 3. c4 g6 4. Nc3 Bg7 5. e4 Nf6 6. Nf3 O-O 7. Bd3 e6 8. O-O exd5
9. exd5 Bg4 10. h3 Bxf3 11. Qxf3 Nfd7 12. Bf4 Ne5 13. Qg3 Nbd7 14. Be2 a6 15.
Rab1 h6 16. Bd2 Nb6 17. b3 Re8 18. f4 Ned7 19. Bd3 Nf8 20. f5 Bd4+ 21. Kh1 g5
22. Ne4 Be5 23. Qg4 f6 24. Qh5 Re7 25. h4 Nbd7 26. Rf3 Qe8 27. Qxe8 Raxe8 28.
hxg5 hxg5 29. g4 Rh7+ 30. Kg1 Rh4 31. Be1 Rxg4+ 32. Kf1 Bd4 33. Nf2 Rh4 34. Bd2
Ne5 35. Rg3 Nxd3 36. Rxd3 Rh2 37. Be1 Rxe1+ 38. Kxe1 Bxf2+ 39. Kf1 Rh1+ 40. Kxf2
Rxb1 41. Re3 Kf7 42. a4 Rh1 43. Kg2 Rh4 44. Rd3 Rf4 45. Kg3 Rxf5 46. b4 cxb4 0-1

[Event "UNAM w Prelim C"]
[Site "Mexico City MEX"]
[Date "2012.11.19"]
[Round "4.4"]
[White "Andrenko, Irina"]
[Black "Botez, Alexandra"]
[Result "0-1"]
[WhiteTitle "WIM"]
[BlackTitle "WCM"]
[WhiteElo "2233"]
[BlackElo "2015"]
[WhiteFideId "14118270"]
[BlackFideId "2603365"]
[EventDate "2012.11.16"]

1. e4 e6 2. d3 d5 3. Nd2 Nf6 4. Ngf3 c5 5. g3 Nc6 6. Bg2 Be7 7. O-O b5 8. Re1
O-O 9. e5 Nd7 10. Nf1 a5 11. h4 b4 12. Bf4 Ba6 13. N1h2 Nb6 14. Ng4 Na4 15. Rb1
c4 16. d4 c3 17. b3 Nb2 18. Qc1 a4 19. Qe3 Bb5 20. Bg5 axb3 21. axb3 Ra3 22. Qf4
Bd3 23. Qc1 Bg6 24. Bf1 Be4 25. Ngh2 Bxg5 26. hxg5 Qb6 27. Re3 Nxd4 28. Nxd4
Qxd4 29. Bg2 Bf5 30. Nf3 Qb6 31. Nh4 d4 32. Nxf5 dxe3 33. Nxe3 Qd4 34. Qf1 Qxe5
35. Nc4 Nxc4 36. Qxc4 Qd6 37. Be4 g6 38. Kg2 Rd8 39. Bd3 Ra5 40. f4 Ra2 41. Kh3
Qd7 42. Kg2 Qxd3 43. Qxd3 Rxd3 44. Kh3 Rxc2 0-1

[Event "UNAM w Prelim C"]
[Site "Mexico City MEX"]
[Date "2012.11.19"]
[Round "4.1"]
[White "Maisuradze, Nino"]
[Black "Gara, Ticia"]
[Result "1-0"]
[WhiteTitle "WGM"]
[BlackTitle "WGM"]
[WhiteElo "2315"]
[BlackElo "2377"]
[WhiteFideId "13601717"]
[BlackFideId "717444"]
[EventDate "2012.11.16"]

1. d4 e6 2. c4 b6 3. Nc3 Bb7 4. e4 Bb4 5. Qc2 Qh4 6. Bd3 f5 7. g3 Qh5 8. f3 Nc6
9. Be3 e5 10. dxe5 Nxe5 11. O-O-O Bxc3 12. Qxc3 fxe4 13. Bxe4 Bxe4 14. fxe4 Nf6
15. Bf4 d6 16. Bxe5 dxe5 17. Nf3 O-O 18. Nxe5 Nxe4 19. Qd4 Nf2 20. Rhf1 Qg5+ 21.
Kb1 Rad8 22. Nd7 Qf5+ 23. Ka1 Kh8 24. Rd2 c5 25. Rdxf2 cxd4 26. Rxf5 Rxf5 27.
Rxf5 g6 28. Rd5 Kg7 29. a3 Rh8 1-0

[Event "UNAM w Prelim C"]
[Site "Mexico City MEX"]
[Date "2012.11.19"]
[Round "4.2"]
[White "Gara, Ticia"]
[Black "Maisuradze, Nino"]
[Result "1-0"]
[WhiteTitle "WGM"]
[BlackTitle "WGM"]
[WhiteElo "2377"]
[BlackElo "2315"]
[WhiteFideId "717444"]
[BlackFideId "13601717"]
[EventDate "2012.11.16"]

1. e4 c5 2. Nf3 Nc6 3. d4 cxd4 4. Nxd4 e5 5. Nb5 d6 6. c4 Be7 7. N1c3 a6 8. Na3
f5 9. exf5 Bxf5 10. Bd3 Be6 11. O-O Nf6 12. Nc2 O-O 13. Bg5 Ng4 14. Bxe7 Qxe7
15. h3 Nf6 16. Qd2 Nh5 17. Nd5 Bxd5 18. cxd5 Nb8 19. g3 Nd7 20. Ne3 Kh8 21. Rfe1
Rf7 22. Qe2 g6 23. Rac1 Raf8 24. Ng4 Ndf6 25. Nh6 Rg7 26. Qd2 Nxd5 27. Bxa6 Ndf4
28. Bf1 Qg5 29. Qxd6 Qxh6 30. Qxf8+ Rg8 31. Ra1 Qg5 1-0

[Event "UNAM w Prelim C"]
[Site "Mexico City MEX"]
[Date "2012.11.19"]
[Round "4.3"]
[White "Maisuradze, Nino"]
[Black "Gara, Ticia"]
[Result "0-1"]
[WhiteTitle "WGM"]
[BlackTitle "WGM"]
[WhiteElo "2315"]
[BlackElo "2377"]
[WhiteFideId "13601717"]
[BlackFideId "717444"]
[EventDate "2012.11.16"]

1. d4 e6 2. c4 b6 3. Nc3 Bb7 4. e4 Bb4 5. Qc2 Qh4 6. Bd3 f5 7. g3 Qh5 8. f3 Nc6
9. Be3 e5 10. d5 Nd4 11. Qf2 fxe4 12. Bxe4 Bc5 13. g4 Qf7 14. Rb1 a5 15. f4 Nf6
16. h3 O-O 17. f5 Nxe4 18. Nxe4 Nc2+ 19. Qxc2 Bxe3 20. Nf3 b5 21. Qe2 Bf4 22. b3
h6 23. O-O d6 24. Nd4 exd4 25. Rxf4 bxc4 26. bxc4 Ba6 27. Qc2 Rab8 28. Rd1 Qe7
29. Rxd4 Qe5 30. Nf2 Qe1+ 31. Kg2 Rb1 32. Nd1 Rfb8 33. Rde4 Qxd1 34. Qc3 Qg1+
35. Kf3 Rf1+ 36. Ke2 Qg2+ 37. Ke3 Qg3+ 38. Kd4 Rd1+ 0-1

[Event "UNAM w Prelim C"]
[Site "Mexico City MEX"]
[Date "2012.11.19"]
[Round "4.4"]
[White "Gara, Ticia"]
[Black "Maisuradze, Nino"]
[Result "1-0"]
[WhiteTitle "WGM"]
[BlackTitle "WGM"]
[WhiteElo "2377"]
[BlackElo "2315"]
[WhiteFideId "717444"]
[BlackFideId "13601717"]
[EventDate "2012.11.16"]

1. e4 c5 2. Nf3 Nc6 3. Bb5 g6 4. O-O Bg7 5. Re1 Nf6 6. c3 O-O 7. d4 cxd4 8. cxd4
d5 9. e5 Ne4 10. Be3 f6 11. exf6 Bxf6 12. Nbd2 Nxd2 13. Qxd2 Bg4 14. Bxc6 bxc6
15. Ne5 Bd7 16. Rac1 Rc8 17. Bg5 Bxg5 18. Qxg5 Rf5 19. Qh4 Be8 20. Ng4 g5 21.
Nh6+ Kh8 22. Qg3 Rf6 23. Qxg5 Bd7 24. Qe5 Qf8 25. Qxe7 Rd8 26. Qxf8+ Rdxf8 27.
Re7 Bc8 28. Rxa7 Rxh6 29. Rc7 Rh4 30. R7xc6 Bf5 31. Rd1 Rb8 32. Rf6 Bc2 33. Rd2
Rxb2 34. g3 Re4 35. Kg2 Rxa2 36. Rb6 Bb3 37. Rd3 Bc4 38. Rf3 Ra7 39. Rf4 Rxf4
40. gxf4 Re7 41. Kf3 Re4 42. Kg4 Rxd4 43. Kg5 Kg7 44. Rb7+ Kf8 45. f5 Be2 46.
Kf6 Ke8 47. Re7+ Kd8 48. Rxe2 Rf4 49. Rd2 d4 50. Ke5 Rf3 51. Rxd4+ Ke7 52. f6+
Kf7 53. Rd7+ Ke8 54. Rxh7 Rxf2 55. h4 Kf8 56. h5 Kg8 57. Rg7+ Kh8 58. Ra7 Rh2
59. Kf5 Rf2+ 60. Kg6 Rg2+ 61. Kh6 Kg8 62. Rg7+ Kf8 63. Rxg2 1-0

[Event "UNAM w Prelim C"]
[Site "Mexico City MEX"]
[Date "2012.11.19"]
[Round "4.1"]
[White "Ordaz Valdes, Lisandra Teresa"]
[Black "Toro Pradenas, Maria Jose"]
[Result "1-0"]
[WhiteTitle "WGM"]
[BlackTitle "WFM"]
[WhiteElo "2350"]
[BlackElo "2009"]
[WhiteFideId "3506940"]
[BlackFideId "3412610"]
[EventDate "2012.11.16"]

1. d4 d5 2. c4 c6 3. Nc3 Nf6 4. e3 a6 5. Qc2 b5 6. b3 e6 7. Nf3 Bd6 8. Bd3 O-O
9. O-O Nbd7 10. e4 dxe4 11. Nxe4 Be7 12. Ne5 Bb7 13. Nxd7 Nxd7 14. Bf4 Nf6 15.
Nxf6+ Bxf6 16. Bxh7+ Kh8 17. Be4 Qxd4 18. Rad1 Qb6 19. c5 Qa7 20. Qd3 g6 21.
Qh3+ Kg8 22. Rd7 Bg7 23. Bxg6 fxg6 24. Qxe6+ Kh7 25. Rxg7+ Kxg7 26. Be5+ Kh6 27.
Qh3+ Kg5 28. f4+ 1-0

[Event "UNAM w Prelim C"]
[Site "Mexico City MEX"]
[Date "2012.11.19"]
[Round "4.2"]
[White "Toro Pradenas, Maria Jose"]
[Black "Ordaz Valdes, Lisandra Teresa"]
[Result "0-1"]
[WhiteTitle "WFM"]
[BlackTitle "WGM"]
[WhiteElo "2009"]
[BlackElo "2350"]
[WhiteFideId "3412610"]
[BlackFideId "3506940"]
[EventDate "2012.11.16"]

1. e4 e5 2. Nf3 Nf6 3. Nxe5 d6 4. Nf3 Nxe4 5. d3 Nf6 6. d4 d5 7. Bd3 Bd6 8. O-O
O-O 9. Bg5 Bg4 10. Nbd2 h6 11. Bh4 Bf4 12. Bg3 Qd6 13. c3 Nc6 14. Qc2 Rfe8 15.
Rfe1 Bxg3 16. hxg3 Rxe1+ 17. Rxe1 Re8 18. Rxe8+ Nxe8 19. Qb3 Bc8 20. Nf1 Nf6 21.
Ne3 g6 22. Kf1 Kg7 23. a4 b6 24. Qa2 a5 25. Ne1 Be6 26. N1c2 Ng4 27. Nxg4 Bxg4
28. Ne3 Be6 29. Bc2 Ne7 30. b3 c5 31. Qb2 cxd4 32. cxd4 Qb4 33. Bd3 Nc6 34. Nc2
Qd2 35. Qa1 0-1

[Event "UNAM w Prelim C"]
[Site "Mexico City MEX"]
[Date "2012.11.19"]
[Round "4.3"]
[White "Ordaz Valdes, Lisandra Teresa"]
[Black "Toro Pradenas, Maria Jose"]
[Result "1-0"]
[WhiteTitle "WGM"]
[BlackTitle "WFM"]
[WhiteElo "2350"]
[BlackElo "2009"]
[WhiteFideId "3506940"]
[BlackFideId "3412610"]
[EventDate "2012.11.16"]

1. d4 d5 2. c4 c6 3. Nc3 Nf6 4. e3 e6 5. Nf3 Bd6 6. Qc2 O-O 7. Be2 Nbd7 8. O-O
h6 9. Rd1 a6 10. e4 Nxe4 11. Nxe4 dxe4 12. Qxe4 Nf6 13. Qh4 Be7 14. Bd3 Nh7 15.
Qe4 f5 16. Qe2 Bf6 17. Bc2 Qc7 18. c5 Ng5 19. Bb3 Nxf3+ 20. Qxf3 Kh8 21. Bf4 e5
22. dxe5 Bxe5 23. Bxe5 Qxe5 24. Rac1 Qc7 25. Rd6 f4 26. Rcd1 Qe7 27. Qc3 Bf5 28.
Rxh6+ Bh7 29. Bc2 Rf6 30. Rxh7+ 1-0

[Event "UNAM w Prelim C"]
[Site "Mexico City MEX"]
[Date "2012.11.19"]
[Round "4.4"]
[White "Toro Pradenas, Maria Jose"]
[Black "Ordaz Valdes, Lisandra Teresa"]
[Result "0-1"]
[WhiteTitle "WFM"]
[BlackTitle "WGM"]
[WhiteElo "2009"]
[BlackElo "2350"]
[WhiteFideId "3412610"]
[BlackFideId "3506940"]
[EventDate "2012.11.16"]

1. e4 e5 2. Nf3 Nf6 3. Nxe5 d6 4. Nf3 Nxe4 5. d4 d5 6. Bd3 Nc6 7. O-O Be7 8. Re1
Bg4 9. c3 f5 10. Nbd2 O-O 11. Qb3 Na5 12. Qa4 Nc6 13. Qb5 Rb8 14. h3 Bh5 15. Qb3
Kh8 16. Qc2 Bh4 17. g3 Be7 18. Kg2 Bd6 19. b4 Qf6 20. Bb2 Rbe8 21. b5 Ne7 22. c4
c6 23. c5 Bc7 24. bxc6 Nxc6 25. Bb5 Ba5 26. Bxc6 bxc6 27. Bc1 Bxf3+ 28. Kxf3
Ng5+ 29. Kf4 0-1

[Event "UNAM w Prelim C"]
[Site "Mexico City MEX"]
[Date "2012.11.20"]
[Round "5.1"]
[White "Toro Pradenas, Maria Jose"]
[Black "Botez, Alexandra"]
[Result "1-0"]
[WhiteTitle "WFM"]
[BlackTitle "WCM"]
[WhiteElo "2009"]
[BlackElo "2015"]
[WhiteFideId "3412610"]
[BlackFideId "2603365"]
[EventDate "2012.11.16"]

1. e4 e6 2. d4 d5 3. Nc3 Nf6 4. e5 Nfd7 5. f4 c5 6. Nf3 Nc6 7. Be3 Rb8 8. Qd2
Qa5 9. dxc5 Bxc5 10. Bxc5 Qxc5 11. Nb5 O-O 12. c3 f6 13. Nbd4 Qe7 14. exf6 Qxf6
15. O-O-O Nc5 16. g3 Ne4 17. Qe1 Bd7 18. Bd3 Nc5 19. Bc2 Nxd4 20. Rxd4 b5 21.
Ne5 Be8 22. Ng4 Qf7 23. Rf1 Nd7 24. f5 Rb6 25. Rdf4 exf5 26. Rxf5 Nf6 27. Rxf6
gxf6 28. Nh6+ Kh8 29. Nxf7+ 1-0

[Event "UNAM w Prelim C"]
[Site "Mexico City MEX"]
[Date "2012.11.20"]
[Round "5.2"]
[White "Botez, Alexandra"]
[Black "Toro Pradenas, Maria Jose"]
[Result "1-0"]
[WhiteTitle "WCM"]
[BlackTitle "WFM"]
[WhiteElo "2015"]
[BlackElo "2009"]
[WhiteFideId "2603365"]
[BlackFideId "3412610"]
[EventDate "2012.11.16"]

1. d4 d5 2. Nf3 Nf6 3. c4 c6 4. Nc3 a6 5. cxd5 cxd5 6. Qb3 e6 7. Bf4 Bd6 8. Bxd6
Qxd6 9. e3 O-O 10. Bd3 Nc6 11. Rc1 b5 12. O-O Na5 13. Qc2 Bb7 14. Ne5 Rac8 15.
Qb1 Nc4 16. Nf3 Qb4 17. Bxc4 dxc4 18. e4 Qe7 19. a3 g6 20. Rcd1 Rfd8 21. Rfe1
Kg7 22. Qc1 Nd7 23. Qf4 Qf6 24. Qg3 Qe7 25. Ng5 f6 26. Nf3 e5 27. Nh4 Qf8 28. d5
Nc5 29. Re3 Nd3 30. Rd2 Kg8 31. h3 Kh8 32. Ne2 a5 33. Rexd3 cxd3 34. Qxd3 b4 35.
f4 exf4 36. Nxf4 Qh6 37. g3 g5 38. Nf5 Qf8 39. Ne6 Qe8 40. Qd4 Qf7 41. Nxd8 Rxd8
42. Nh6 Qg6 43. Ng4 bxa3 44. bxa3 Kg7 45. Qb6 Rd7 46. Qe6 Qf7 47. Qf5 h5 48. Ne3
Re7 49. Nc4 Qg6 50. Nd6 Ba6 51. Qxg6+ Kxg6 52. Kf2 Rd7 53. Nf5 Bc4 54. Rd4 Bb3
55. Ne3 Kf7 56. Rd3 a4 57. Rc3 Re7 58. Kf3 Kg6 59. d6 Rd7 60. Nf5 Be6 61. Rc5
Bxf5 62. exf5+ Kf7 63. Rd5 Rd8 64. g4 hxg4+ 65. hxg4 Ke8 66. Rd4 Ra8 67. Ke4 Kd7
68. Kd3 Ra5 69. Kc4 Re5 70. Kb4 Re3 71. Kxa4 Rf3 72. Kb5 Rf4 73. Kc5 Rf3 74. a4
Ra3 75. Kb4 Ra2 76. a5 Rb2+ 77. Kc5 Ra2 78. Kb6 Rb2+ 79. Kc5 Ra2 80. Kb5 Rb2+
81. Ka6 Ra2 82. Kb6 Rb2+ 83. Ka7 Ra2 84. a6 Ra1 85. Rb4 Kxd6 86. Kb7 Kc5 87. Rb6
Re1 88. Rc6+ Kb5 89. Re6 Rb1 90. a7 Kc5+ 91. Kc7 Ra1 92. Rc6+ Kb5 93. Rb6+ Kc5
94. Rb7 Kd5 95. Kb8 Ke4 96. Rb4+ Kd5 1-0

[Event "UNAM w Prelim C"]
[Site "Mexico City MEX"]
[Date "2012.11.20"]
[Round "5.3"]
[White "Toro Pradenas, Maria Jose"]
[Black "Botez, Alexandra"]
[Result "0-1"]
[WhiteTitle "WFM"]
[BlackTitle "WCM"]
[WhiteElo "2009"]
[BlackElo "2015"]
[WhiteFideId "3412610"]
[BlackFideId "2603365"]
[EventDate "2012.11.16"]

1. e4 e6 2. d4 d5 3. Nc3 Nf6 4. e5 Nfd7 5. f4 c5 6. Nf3 Nc6 7. Be3 Rb8 8. Qd2
Qa5 9. dxc5 Bxc5 10. Bxc5 Qxc5 11. Nb5 O-O 12. c3 a6 13. Nbd4 b5 14. Bd3 h6 15.
O-O Nxd4 16. cxd4 Qe7 17. f5 exf5 18. Bxf5 Nb6 19. Qd3 Bxf5 20. Qxf5 Nc4 21. Qh3
Nxb2 22. Nh4 Qg5 23. Rf3 Rbc8 24. Raf1 Rc1 25. Nf5 Rxf1+ 26. Rxf1 Nc4 27. Re1
Nd2 28. Ne3 Qf4 29. e6 fxe6 30. Qxe6+ Kh8 31. Kh1 Ne4 32. h3 Ng3+ 33. Kh2 Nf1+
34. Kh1 Qh2# 0-1

[Event "UNAM w Prelim C"]
[Site "Mexico City MEX"]
[Date "2012.11.20"]
[Round "5.4"]
[White "Botez, Alexandra"]
[Black "Toro Pradenas, Maria Jose"]
[Result "0-1"]
[WhiteTitle "WCM"]
[BlackTitle "WFM"]
[WhiteElo "2015"]
[BlackElo "2009"]
[WhiteFideId "2603365"]
[BlackFideId "3412610"]
[EventDate "2012.11.16"]

1. d4 d5 2. Nf3 Nf6 3. c4 c6 4. Nc3 a6 5. cxd5 cxd5 6. Qb3 e6 7. Bg5 Be7 8. e3
O-O 9. Bd3 h6 10. Bh4 Nc6 11. O-O b5 12. Rac1 Bb7 13. Qc2 Nb4 14. Qb1 Nxd3 15.
Qxd3 Ne4 16. Bxe7 Qxe7 17. Ne5 Rac8 18. Ne2 Qb4 19. b3 Qa3 20. f3 Nd6 21. Qb1
Nf5 22. Kf2 Qd6 23. Nf4 a5 24. g4 Ne7 25. Kg1 b4 26. Rxc8 Rxc8 27. Rc1 Qd8 28.
Ned3 Ba6 29. Nc5 Bb5 30. Nb7 Qb6 31. Nc5 e5 32. Ng2 exd4 33. exd4 Qf6 34. Qb2
Qxf3 35. Re1 Ng6 36. Ne3 Re8 37. Qf2 Qxf2+ 38. Kxf2 Nf4 39. Kf3 g5 40. h4 Ne6
41. Nxe6 Rxe6 42. hxg5 hxg5 43. Rh1 Bd3 44. Rh5 Be4+ 45. Ke2 f6 46. Kd2 Kg7 47.
Rh2 Kg6 48. Rf2 Rc6 49. Rf1 Rc3 50. Rd1 a4 51. bxa4 Ra3 52. Ra1 Rxa4 53. Nc2 Bf3
54. Rb1 Rxa2 55. Ke3 Rxc2 56. Kxf3 Rc3+ 57. Ke2 b3 58. Kd2 Rg3 59. Re1 Rxg4 60.
Kc3 Rg3+ 61. Kb2 g4 62. Rc1 Rd3 63. Rg1 Kg5 64. Rc1 f5 65. Rc5 g3 66. Rc1 f4 0-1

[Event "UNAM w Prelim C"]
[Site "Mexico City MEX"]
[Date "2012.11.20"]
[Round "5.1"]
[White "Gara, Ticia"]
[Black "Ordaz Valdes, Lisandra Teresa"]
[Result "1/2-1/2"]
[WhiteTitle "WGM"]
[BlackTitle "WGM"]
[WhiteElo "2377"]
[BlackElo "2350"]
[WhiteFideId "717444"]
[BlackFideId "3506940"]
[EventDate "2012.11.16"]

1. e4 e5 2. Nf3 Nf6 3. d4 Nxe4 4. Bd3 d5 5. Nxe5 Nd7 6. Nxd7 Bxd7 7. O-O Bd6 8.
Nc3 Qh4 9. g3 Nxc3 10. bxc3 Qg4 11. Be2 Qf5 12. Rb1 b6 13. Bd3 Qg4 14. Re1+ Kf8
15. Be2 Qf5 16. c4 dxc4 17. Bxc4 Re8 18. Be3 h5 19. h4 Bc6 20. d5 Bd7 21. Bb5
Bxb5 22. Rxb5 Qh3 23. Qf3 Re5 24. c4 Rf5 25. Qg2 Qxg2+ 26. Kxg2 Re5 27. Rd1 Ke7
28. Kf3 Kd7 29. Bd4 Re7 30. Bxg7 Rhe8 31. Rb2 Re4 32. Rd4 Re1 33. g4 Rg1 34. g5
Rh1 35. Bf6 Rh3+ 36. Kg2 Rh2+ 37. Kf3 Re1 38. Rbd2 Rh3+ 39. Kg2 Rh2+ 40. Kf3
Rh3+ 41. Kg2 Rh2+ 1/2-1/2

[Event "UNAM w Prelim C"]
[Site "Mexico City MEX"]
[Date "2012.11.20"]
[Round "5.2"]
[White "Ordaz Valdes, Lisandra Teresa"]
[Black "Gara, Ticia"]
[Result "1-0"]
[WhiteTitle "WGM"]
[BlackTitle "WGM"]
[WhiteElo "2350"]
[BlackElo "2377"]
[WhiteFideId "3506940"]
[BlackFideId "717444"]
[EventDate "2012.11.16"]

1. d4 Nf6 2. c4 g6 3. Nc3 d5 4. Bf4 Bg7 5. e3 O-O 6. Rc1 c6 7. Nf3 Nbd7 8. cxd5
Nxd5 9. Nxd5 cxd5 10. Bc7 Qe8 11. Qb3 Nf6 12. Bb5 Bd7 13. Bxd7 Qxd7 14. Ne5 Qc8
15. O-O Re8 16. h3 e6 17. Rc2 b6 18. Bxb6 Qa6 19. Bc7 Ne4 20. Rfc1 Rac8 21. Rc6
Qe2 22. Qc2 Qh5 23. Nd3 g5 24. b4 Bh6 25. b5 g4 26. Qe2 f5 27. Bf4 Rcd8 28. hxg4
fxg4 29. Bxh6 Qxh6 30. Qxg4+ Kh8 31. Ne5 Qf6 32. Qf3 Qxf3 33. gxf3 Rg8+ 34. Kf1
Ng5 35. f4 Nh3 36. Nf7+ Kg7 37. Nxd8 Rxd8 38. Kg2 1-0

[Event "UNAM w Prelim C"]
[Site "Mexico City MEX"]
[Date "2012.11.20"]
[Round "5.3"]
[White "Gara, Ticia"]
[Black "Ordaz Valdes, Lisandra Teresa"]
[Result "0-1"]
[WhiteTitle "WGM"]
[BlackTitle "WGM"]
[WhiteElo "2377"]
[BlackElo "2350"]
[WhiteFideId "717444"]
[BlackFideId "3506940"]
[EventDate "2012.11.16"]

1. g3 d5 2. Bg2 e5 3. d3 Nf6 4. Nd2 Bc5 5. Nb3 Bb6 6. Nf3 Qe7 7. O-O O-O 8. c3
e4 9. dxe4 dxe4 10. Nfd4 Rd8 11. Qe1 h6 12. Nc2 Nbd7 13. Be3 Ne5 14. Bxb6 axb6
15. Ne3 Be6 16. Nd2 Rxa2 17. Rxa2 Bxa2 18. Nxe4 Nxe4 19. Bxe4 Nc4 20. Nxc4 Bxc4
21. f3 f5 22. Bxb7 Bxe2 23. Kh1 Rd1 24. Qxd1 Bxd1 25. Rxd1 Qe2 26. Rd8+ Kh7 27.
Kg1 Qxb2 28. g4 Qxc3 29. gxf5 Qc1+ 30. Kf2 Qb2+ 31. Kg3 Qe5+ 32. Kg2 Qe2+ 33.
Kg3 Qe7 34. Rd3 c6 35. Bc8 Qc7+ 0-1